Sociální konstrukce nerovností pod kvalitativní lupou
Salvato in:
| Autore principale: | |
|---|---|
| Altri autori: | |
| Natura: | Libro |
| Lingua: | ceco |
| Pubblicazione: |
Praha
Sociologické nakladatelství
2009
|
| Serie: | Knižnice Sociologické aktuality
19. svazek |
| Soggetti: | |
| Tags: |
Nessun Tag, puoi essere il primo ad aggiungerne!!
|
MARC
| LEADER | 00000nam a2200000 4500 | ||
|---|---|---|---|
| 001 | 0201950 | ||
| 005 | 20240313090422.0 | ||
| 020 | |a 978-80-7419-015-5 | ||
| 041 | 0 | |a cze | |
| 044 | |a CZ | ||
| 245 | 1 | 0 | |a Sociální konstrukce nerovností pod kvalitativní lupou |c Jadwiga Šanderová, Olga Šmídová a kolektiv |
| 264 | 1 | |a Praha |b Sociologické nakladatelství |c 2009 | |
| 300 | |a 269 s. | ||
| 490 | 1 | |a Knižnice Sociologické aktuality |v 19. svazek | |
| 830 | 0 | |a Knižnice Sociologické aktuality |v 19. svazek | |
| 610 | 2 | 0 | |a problémy spoločenské |
| 610 | 2 | 0 | |a úroveň životná |
| 610 | 2 | 0 | |a rodina |
| 610 | 2 | 0 | |a zamestnanie |
| 610 | 2 | 0 | |a bývanie |
| 610 | 2 | 0 | |a nájomné |
| 610 | 2 | 0 | |a nerovnosť sociálna |
| 610 | 2 | 0 | |a kvalita života |
| 610 | 2 | 0 | |a cudzinci |
| 610 | 2 | 0 | |a imigrácia |
| 610 | 2 | 0 | |a výskum |
| 100 | 1 | |a Šanderová, Jadwiga | |
| 700 | 1 | |a Šmídová, Olga | |